Brawlers em Ordem Alfabética - Statistics

Estatísticas Gerais
  • Esse quiz foi jogado 299 vezes
    258 desde o último reset
  • A pontuação média é 11 de 84
Estatísticas das Respostas
Brawler % Correto
8-Bit
99%
Amber
72%
Angelo
53%
Ash
39%
Barley
34%
Bea
33%
Berry
29%
Belle
27%
Bibi
25%
Bo
25%
Bonnie
22%
Brock
22%
Bull
21%
Buzz
17%
Buster
16%
Carl
16%
Byron
15%
Charlie
14%
Chester
14%
Chuck
14%
Clancy
14%
Colt
13%
Colette
12%
Cordelius
12%
Corvo
12%
Dynamike
12%
Edgar
12%
El Primo
12%
Emz
12%
Darryl
11%
Doug
11%
Draco
11%
Eugênio
10%
Eve
10%
Fang
10%
Gale
9%
Gray
9%
Griff
9%
Grom
9%
Frank
8%
Gus
8%
Hank
8%
Jacky
7%
Janet
7%
Jessie
7%
Kenji
7%
Kit
7%
Larry e Lawrie
7%
Leon
7%
Lily
7%
Lola
7%
Lou
7%
Maisie
7%
Mandy
7%
Max
6%
Meg
6%
Melodie
6%
Mico
6%
Mister P
6%
Moe
6%
Mortis
6%
Nani
6%
Nita
6%
Otis
6%
Pam
6%
Pearl
6%
Penny
6%
Piper
6%
Poco
6%
Wattson
6%
Willow
6%
Rico
5%
Rosa
5%
R-T
5%
Ruffs
5%
Sam
5%
Sandy
5%
Shelly
5%
Spike
5%
Sprout
5%
Squeak
5%
Stu
5%
Tara
5%
Tick
4%
Nenhum quiz correspondente encontrado
Distribuição das Pontuações
Porcentagem de Pessoas com Cada Pontuação
Percentil de Números Respondidos
Sua Pontuação Histórica
Você não jogou esse quiz desde o último reset